000 00371 a2200157 4500
001 58088
020 _a8587243659
040 _cAnchieta - Pituba
100 _aMartins, Dalva de Andrade
240 1 0 _aPingo d'água na folha do coió
_lpor
245 1 0 _aPingo d'água na folha do coió
300 _a112
362 0 _a2006
650 4 _aPoesia brasileira
942 _cBK
999 _c58088
_d58088